Normal view
MARC view
- الحمداني، موفق ؛ م.مشارك: عدنان الجادري، عامر قنديلجي، عبد الرزاق بني هاني، فريد ابو زينة ؛ اشراف: سعيد التل
Entry Personal Name
001 - CONTROL NUMBER
- control field: 27879
003 - CONTROL NUMBER IDENTIFIER
- control field: JO-AjAnu
005 - DATE AND TIME OF LATEST TRANSACTION
- control field: 20230606074730.0
008 - FIXED-LENGTH DATA ELEMENTS
- fixed length control field: 230606|| aca||aabn | a|a d
040 ## - CATALOGING SOURCE
- Original cataloging agency: JO-AjAnu
- Transcribing agency: JO-AjAnu
100 ## - HEADING--PERSONAL NAME
- Personal name: الحمداني، موفق ؛ م.مشارك: عدنان الجادري، عامر قنديلجي، عبد الرزاق بني هاني، فريد ابو زينة ؛ اشراف: سعيد التل
670 ## - SOURCE DATA FOUND
- Source citation: Work cat.: (JO-AjAnu)14314: الحمداني، موفق ؛ م.مشارك: عدنان الجادري، عامر قنديلجي، عبد الرزاق بني هاني، فريد ابو زينة ؛ اشراف: سعيد التل, author, مناهج البحث العلمي: أساسيات البحث العلمي